| 000 | 00461nam a2200145Ia 4500 | ||
|---|---|---|---|
| 008 | 191206s9999 xx 000 0 und d | ||
| 020 | _a0192815970 (pbk.) : | ||
| 090 | _aPR1870A1W72 | ||
| 245 | 4 | _aThe Canterbury Tales | |
| 260 | _aOxford University Press | ||
| 260 | _bThe World's classics | ||
| 260 | _cc"1986, c1985" | ||
| 300 | _a"xxvii, 482 p. ; 19 cm." | ||
| 999 |
_c17033 _d17033 |
||